000 00506nam a2200181Ia 4500
005 20250508164016.0
008 008 250505s9999 xx 000 0 eng d
037 _aTextual
040 _aFEDL
_beng
_cFEDL
041 _aeng
_2eng
084 _aB, VAR
_qFEDL
100 _aVarma Mahadevi
245 0 _aSketches from my past : Encounters with India's oppressed
260 _aNew Delhi, India
_bKali for Women
_c1994
300 _a142p.
942 _cTEXL
_hB, VAR
999 _c1386546
_d1386546